000 00506nam a2200181Ia 4500
005 20250508153737.0
008 008 250505s9999 xx 000 0 eng d
037 _aTextual
040 _aFEDL
_beng
_cFEDL
041 _aeng
_2eng
084 _a370.58, NAT
_qFEDL
245 0 _aFifth yearbook of the national society for the scientific study of education, Part 1
260 _c1906
300 _a94p
650 _aEducation
942 _cTEXL
_h370.58, NAT
999 _c1345150
_d1345150